Catálogo
 En Linea

Herman de Las Casas (1901-1947) : (Registro nro. 25560)

Detalles MARC
000 -CABECERA
campo de control de longitud fija 00470nam a2200157 a 4500
001 - NÚMERO DE CONTROL
campo de control 000026068
005 - FECHA Y HORA DE LA ÚLTIMA TRANSACCIÓN
campo de control 20200930024257.0
008 - DATOS DE LONGITUD FIJA--INFORMACIÓN GENERAL
campo de control de longitud fija 110228s1974 ve 000 0 spa d
040 ## - FUENTE DE LA CATALOGACIÓN
Centro catalogador/agencia de origen DO-SdBNP
Lengua de catalogación spa
Centro/agencia transcriptor BNPHU
082 ## - NÚMERO DE LA CLASIFICACIÓN DECIMAL DEWEY
Número de clasificación xxxx
049 ## - FONDOS LOCALES (OCLC)
Fondos de biblioteca BNGR
245 00 - MENCIÓN DE TÍTULO
Título Herman de Las Casas (1901-1947) :
Resto del título Su obra escrita /
Mención de responsabilidad, etc. compilador Pablo Izaguirre.
260 ## - PUBLICACIÓN, DISTRIBUCIÓN, ETC.
Lugar de publicación, distribución, etc. Caracas, Venezuela :
Nombre del editor, distribuidor, etc. Cromotip,
Fecha de publicación, distribución, etc. 1974.
500 ## - NOTA GENERAL
Nota general Incluye índice
700 1# - PUNTO DE ACCESO ADICIONAL--NOMBRE DE PERSONA
Nombre de persona Izaguirre, Pablo
Término indicativo de función/relación comp.
9 (RLIN) 53009
Existencias
Estado de retiro Estado de pérdida Restricciones de uso No para préstamo Código de colección Localización permanente Ubicación/localización actual Ubicación en estantería Fecha de adquisición Número de inventario Total de préstamos Signatura topográfica completa Código de barras Fecha visto por última vez Precio válido a partir de Tipo de ítem Koha
      Excluido de préstamo Monografías: Libros y Folletos General General En catalogación 28.02.2011 LF1   xxxx 26068-10 25.06.2020 25.06.2020 No se presta

Con tecnología Koha